000 00578nam a2200229Ia 4500
003 OSt
005 20221005115933.0
006 a|||||r|||| 00| 0
007 ta
008 221004b |||||||| |||| 00| 0 eng d
024 _a59079
037 _cTextual
040 _aCRL
_cCRL
_beng
041 _2eng
_aeng
082 _aV2:25xM69:15, H5
100 _aGandhi M K
245 0 _aConstructive programme
_b Its meaning and place
260 _c1945
650 _aHISTORY
942 _hV2:25xM69:15, H5
_cTEXL
_2cc
999 _c1036350
_d1036350